The art of Indian Asia : (Record no. 2383)

MARC details
000 -LEADER
fixed length control field 00736nam a22002417a 4500
003 - CONTROL NUMBER IDENTIFIER
control field BD-DhJNU
005 - DATE AND TIME OF LATEST TRANSACTION
control field 20251118054450.0
008 - FIXED-LENGTH DATA ELEMENTS--GENERAL INFORMATION
fixed length control field 251118b |||||||| |||| 00| 0 eng d
020 ## - INTERNATIONAL STANDARD BOOK NUMBER
International Standard Book Number 9788120816305
040 ## - CATALOGING SOURCE
Original cataloging agency BD-DhJNU
Language of cataloging ENG
Transcribing agency BD-DhJNU
Modifying agency BD-DhJNU
082 ## - DEWEY DECIMAL CLASSIFICATION NUMBER
Edition number 23
Classification number 709.54 ZIA
100 ## - MAIN ENTRY--PERSONAL NAME
Personal name Zimmer, Heinrich
245 ## - TITLE STATEMENT
Title The art of Indian Asia :
Remainder of title its mythology and transformations /
Statement of responsibility, etc. Heinrich Zimmer ; edited by Joseph Campbell
260 ## - PUBLICATION, DISTRIBUTION, ETC.
Place of publication, distribution, etc. New York :
Name of publisher, distributor, etc. Pantheon Books,
Date of publication, distribution, etc. 2015.
300 ## - PHYSICAL DESCRIPTION
Extent xix,465p. :
Other physical details ill. ;
Dimensions 29 cm.
490 ## - SERIES STATEMENT
Volume/sequential designation vol. 1 & 2
504 ## - BIBLIOGRAPHY, ETC. NOTE
Bibliography, etc. note Includes indexes
650 ## - SUBJECT ADDED ENTRY--TOPICAL TERM
Topical term or geographic name entry element Arts India
650 ## - SUBJECT ADDED ENTRY--TOPICAL TERM
Topical term or geographic name entry element Asian Arts
650 ## - SUBJECT ADDED ENTRY--TOPICAL TERM
Topical term or geographic name entry element Indian Arts
700 ## - ADDED ENTRY--PERSONAL NAME
Personal name Campbell, Joseph
Relator term editor
942 ## - ADDED ENTRY ELEMENTS (KOHA)
Source of classification or shelving scheme Dewey Decimal Classification
Koha item type Books
Suppress in OPAC No
Holdings
Withdrawn status Lost status Source of classification or shelving scheme Damaged status Not for loan Collection Home library Current library Shelving location Date acquired Source of acquisition Total checkouts Full call number Barcode Date last seen Copy number Price effective from Koha item type
    Dewey Decimal Classification     Non-fiction Jagannath University Central Library Jagannath University Central Library General stacks 11/18/2025 Purchased   709.54 ZIA JNUCL36521 11/18/2025 1 11/18/2025 Books
    Dewey Decimal Classification     Non-fiction Jagannath University Central Library Jagannath University Central Library General stacks 11/18/2025 Purchased   709.54 ZIA JNUCL36522 11/18/2025 2 11/18/2025 Books